000 02583cam a2200433 i 4500
001 991061737489106706
003 ES-BaIT
005 20260423133116.0
008 260325e202509 spc|||| |||| 0|0 0 cat|
015 _aLL2026
_2bnc
017 _aDL B 14708-2025
_bBiblioteca de Catalunya
020 _a9788412966138
040 _aES-BaBC
_bcat
_erda
_cES-BaBC
080 _a791/793
_x-051
_x-055.2:308
_22004
080 _a159.923.2
_x-055.1/.3:793.3
_22004
080 _a791/793:159.922.1
_22004
080 _a793.2
100 1 _aD'Ascenzi, Antonella
_eautor
_9169291
245 1 0 _aDones que habiten cossos :
_bun discurs de gènere des de la dansa /
_cAntonella D'Ascenzi
250 _aPrimera edició
264 1 _aEl Masnou, Maresme, Barcelona :
_bNeret Edicions,
_csetembre 2025
300 _a446 pàgines :
_bil·lustracions (algunes en color) ;
_c24 cm
336 _atext
_btxt
_2rdacontent
337 _asense mediació
_bn
_2rdamedia
338 _avolum
_bnc
_2rdacarrier
490 1 _aArt social ;
_v6
504 _aBibliografia: pàgines 437-446
520 _a"«Dones que habiten cossos» és una reflexió i una investigació sobre la preponderància dels codis patriarcals en els cossos de les dones, desenvolupada a partir de la dansa i el moviment en els àmbits quotidià i escènic.Partint de la seva pròpia experiència com a dona i creadora, i basant-se en la investigació sobre el gènere a través de la dansa que porta a terme amb dones que han viscut qualsevol grau de violència, Antonella D’Ascenzi fa un recorregut entre la teoria feminista, els Cultural Studies i les metodologies qualitatives, observant de prop i anomenat els codis que romanen de forma desapercebuda davall la pell de cada cos.L’escolta, les preguntes, la sororitat, el gaudi i l’expressió de l’emoció amb el moviment seran les claus que Antonella posarà en marxa —entre altres— per despertar els cossos fatigats, estressats, minvats, acompanyant-los a un espai nou, més ampli i diàfan, on reconèixer-se: un espai que cada dona pugui, finalment, habitar." -- Contracoberta
586 _aPremi Escriu per l'Art Social 2023-2025
650 0 _aArt i acció social
_2lemac
_9167994
650 7 _aDansa
_xAspectes socials
_956573
650 0 _aDones en les arts de l'espectacle
_xCondicions socials
_2lemac
_9169293
650 7 _aIdentitat de gènere en la dansa
_957031
650 0 _aArts de l'espectacle
_xDiferències entre sexes
_2lemac
_9157332
830 _aArt social (Neret Edicions)
_v6
_9163366
908 _aBC
_aCDMAE
940 _aBC
942 _2udc
_c1
999 _c137396
_d137396